000 00950nam a22002777a 4500
001 001138
003 DO-SdBPM
005 20250703102004.0
007 ta
008 160812b 2006 pr |||| 00| 0 spa d
040 _aDO-SdBPM
_bspa
_cBPMSU
_erda
082 4 _aRD860.9
_bD563n 2006
_222
100 1 _aDi Pietro, Giovanni
_eautor
245 1 3 _aLa narrativa de Roberto Marcallé Abreu /
_cGiovanni Di Pietro
264 _aSan Juan, Puerto Rico :
_bPublicaciones Puertorriqueñas,
_c2006.
300 _axix, 151 páginas ;
_c17 cm.
336 _atexto
_btxt
_2rdacontent
337 _asin mediación
_bn
_2rdamedia
338 _avolumen
_bnc
_2rdacarrier
590 _aInventariado, 2025/VM
600 1 4 _aMarcallé Abreu, Roberto
_d1948-
_xCrítica e interpretación
650 7 _aNovela dominicana
_xHistoria y crítica
650 7 _aLiteratura dominicana
_x Historia y crítica
910 _aVMateo V. Control de calidad. BPMSU
942 _2ddc
_cBK
999 _c11159
_d11159